Riemannian Geometry /

Zapisane w:
Opis bibliograficzny
1. autor: Eisenhart, Luther Pfahler (autor)
Format: Książka
Język:angielski
Wydane: Princeton, EUA : Princeton University, 1997, c1997
Seria:(Princeton Landmarks in Mathematics and Physics)
Hasła przedmiotowe:
Etykiety: Dodaj etykietę
Nie ma etykietki, Dołącz pierwszą etykiete!

MARC

LEADER 00000nam^a2200000^a^4500
001 000136451
005 20250521000000.0
009 20260310095319.206
020 |a 0-691-08026-7 
037 |a Acervo ITESO - Biblioteca 
041 |a ING 
082 |a 516. 373  |b EIS 
100 |a Eisenhart, Luther Pfahler  |e (autor) 
245 1 0 |a Riemannian Geometry /  |c L.P. Eisenhart. 
264 4 |a Princeton, EUA :  |b Princeton University,  |c 1997, c1997 
336 |a texto  |b txt  |2 rdacontenido 
337 |a sin mediación  |b n  |2 rdamedio 
338 |a volumen  |b nc  |2 rdasoporte 
440 1 |a (Princeton Landmarks in Mathematics and Physics) 
649 |a XX 
650 |a Espacios Generalizados 
650 |a Cálculo Vectorial 
650 |a Geometría Riemanniana -  |x Tema Principal 
650 |a Geometría Diferencial 
650 |a Matemáticas 
910 |a Fondo General 
920 |a Impresos - Libros 
930 |a Colección General 
905 |a 101 
901 |a 0500065351  |b IT1  |c ACC  |u 20250521 
902 |a https://opac.biblio.iteso.mx/vufind/Record/000136451